书目信息 |
| 题名: |
贿赂罪的理论与实践
|
|
| 作者: | 吕天奇 著 | |
| 分册: | ||
| 出版信息: | 北京 光明日报出版社 2007 |
|
| 页数: | 415页 | |
| 开本: | 23cm | |
| 丛书名: | 光明学术文库 | |
| 单 册: | ||
| 中图分类: | D924.392.4 , D924.392 | |
| 科图分类: | ||
| 主题词: | 贿赂--刑事犯罪--研究--中国 | |
| 电子资源: | ||
| ISBN: | 978-7-80206-431-7 | |
| 000 | 00840oam2 2200253 450 | |
| 001 | 012007049845 | |
| 005 | 20070804110902.17 | |
| 010 | @a978-7-80206-431-7@dCNY56.00@z7-80206-431-7 | |
| 100 | @a20070620d2007 em y0chiy0110 ea | |
| 101 | 0 | @achi |
| 102 | @aCN@b110000 | |
| 105 | @ay z 000yy | |
| 200 | 1 | @a贿赂罪的理论与实践@9hui lu zui de li lun yu shi jian@f吕天奇著 |
| 210 | @a北京@c光明日报出版社@d2007 | |
| 215 | @a415页@d23cm | |
| 225 | 2 | @a光明学术文库 |
| 330 | @a本书主要讲述了贿赂的概念、贿赂罪的概述、贿赂犯罪的立法概览、受贿罪的构成、商业贿赂罪的概念与构成、其他类型的贿赂罪等内容。 | |
| 461 | 0 | @12001 @a光明学术文库 |
| 606 | 0 | @a贿赂@x刑事犯罪@x研究@y中国 |
| 690 | @aD924.392.4@v4 | |
| 690 | @aD924.392@v3 | |
| 701 | 0 | @a吕天奇@9lu^ tian qi@4著 |
| 801 | 0 | @aCN@bRENTIAN@c20070804 |
| 905 | @a10447@dD924.392@e346 | |
| 贿赂罪的理论与实践/吕天奇著.-北京:光明日报出版社,2007 |
| 415页;23cm.-(光明学术文库) |
| ISBN 978-7-80206-431-7:CNY56.00 |
| 本书主要讲述了贿赂的概念、贿赂罪的概述、贿赂犯罪的立法概览、受贿罪的构成、商业贿赂罪的概念与构成、其他类型的贿赂罪等内容。 |
| ● |
| 相关链接 |
|
|
|
|
正题名:贿赂罪的理论与实践
索取号:D924.392/346
 
预约/预借
| 序号 | 登录号 | 条形码 | 馆藏地/架位号 | 状态 | 备注 |
| 1 | 0803634 | 208036347 | 第一样本阅览室/ [索取号:D924.392/346] | 在馆 | |
| 2 | 0803635 | 208036356 | 密集书库/ [索取号:D924.392/346] | 在馆 | |
| 3 | 0803636 | 208036365 | 第一借阅区/ [索取号:D924.392/346] | 在馆 | |
| 4 | 0803637 | 208036374 | 密集书库/ [索取号:D924.392/346] | 在馆 | |
| 5 | 0803638 | 208036383 | 第一借阅区/ [索取号:D924.392/346] | 在馆 | |
| 6 | 0803639 | 208036392 | 密集书库/ [索取号:D924.392/346] | 在馆 | |
| 7 | 0803640 | 208036409 | 第一借阅区/ [索取号:D924.392/346] | 在馆 | |
| 8 | 0803641 | 208036418 | 第一借阅区/ [索取号:D924.392/346] | 在馆 | |
| 9 | 0803642 | 208036427 | 第一借阅区/ [索取号:D924.392/346] | 在馆 | |
| 10 | 0803643 | 208036436 | 密集书库/ [索取号:D924.392/346] | 在馆 |